Wertvollste Fußballer Momentan - Statistiken

Allgemein
  • Dieses Quiz wurde 356 mal gespielt
  • Das Durchschnittsergebnis liegt bei 12 aus 21
Antwortstatistiken
Hint Antwort % Korrekt
180 Mio. Mbappe
97%
180 Mio. Haaland
96%
180 Mio. Bellingham
88%
110 Mio. Musiala
86%
150 Mio. Vinicius
83%
100 Mio. Wirtz
79%
110 Mio. Kane
75%
110 Mio. Foden
69%
100 Mio. Rodrygo
60%
120 Mio. Saka
59%
90 Mio. Pedri
58%
110 Mio. Rodri
56%
90 Mio. Gavi
55%
90 Mio. Camavinga
42%
110 Mio. Rice
35%
100 Mio. Valverde
35%
110 Mio. Martinez
30%
110 Mio. Osimhen
24%
90 Mio. Alvarez
19%
90 Mio. Caicedo
12%
3 Mio. Njinmah
2%
Keine übereinstimmenden Quizze gefunden
Verteilung der Resultate
Anzahl Personen mit jedem Resultat
Perzentil nach korrekt beantworteten Fragen
Ihre Resultats-Entwicklung
Sie haben dieses Quiz noch nicht gespielt